000 00600nam a22001817a 4500
005 20231123062137.0
008 231123b |||||||| |||| 00| 0 eng d
020 _a9041115102
041 _aEnglish
082 _a342.6 VEN
100 _aVenter, F
_lEnglish
245 _aConstitutional Comparison :
_bJapan, Germany, Canada and South Africa as Constitutional States /
_cF Venter
250 _aFirst Edition
260 _aCape Town :
_bJuta and Company Ltd,
_c2000
300 _bxxxv, 274 pages ;
_c25,5 cm.
650 _aLegal practice
_bLaw
942 _cBK
_6ALISON_BN_VRIES
999 _c863
_d863